Central Library OPAC University of Rajshahi

ঢাকার চিঠি / (Record no. 38641)

MARC details
000 -LEADER
fixed length control field 00916nam a2200241 a 4500
001 - CONTROL NUMBER
control field 38641
003 - CONTROL NUMBER IDENTIFIER
rucl marc code BD-RjUL
005 - DATE AND TIME OF LATEST TRANSACTION
control field 20211209052831.0
008 - FIXED-LENGTH DATA ELEMENTS--GENERAL INFORMATION
fixed length control field 191114s1976 bg ||||| |||| 001 0 ben d
020 ## - INTERNATIONAL STANDARD BOOK NUMBER
Terms of availability : Tk. 16.00
035 ## - SYSTEM CONTROL NUMBER
System control number (BD-RjUL)38749
040 ## - CATALOGING SOURCE
Original cataloging agency BD-RjUL
Language of cataloging ben/eng
Transcribing agency BD-RjUL
Modifying agency BD-RjUL
041 ## - LANGUAGE CODE
Language code of text/sound track or separate title ben
082 ## - DEWEY DECIMAL CLASSIFICATION NUMBER
Classification number 954.9
Author mark and year SED 1976
Edition number 23
100 1# - MAIN ENTRY--PERSONAL NAME
Personal name সেন, সরলানন্দ
9 (RLIN) 234964
245 10 - TITLE STATEMENT
Title ঢাকার চিঠি /
Statement of responsibility, etc. সরলানন্দ সেন
260 ## - PUBLICATION, DISTRIBUTION, ETC. (IMPRINT)
Place of publication, distribution, etc. ঢাকা :
Name of publisher, distributor, etc. মুক্তধারা,
Date of publication, distribution, etc. ১৯৭৬
300 ## - PHYSICAL DESCRIPTION
Pagination খণ্ড ;
Size ২১ সেমি.
505 0# - FORMATTED CONTENTS NOTE
Formatted contents note খণ্ড ২ --
651 ## - SUBJECT ADDED ENTRY--GEOGRAPHIC NAME
Geographic name পাকিস্তান
Geographic subdivision পূর্ব পাকিস্তান (বাংলাদেশ)
General subdivision ইতিহাস
Chronological subdivision ১৯৫৪-১৯৫৭
9 (RLIN) 234965
Geographic name Pakistan
Geographic subdivision East Pakistan (Bangladesh)
Chronological subdivision 1954-1957
9 (RLIN) 234966
942 ## - ADDED ENTRY ELEMENTS (KOHA)
Source of classification or shelving scheme Dewey Decimal Classification
Koha item type Books
Holdings
Lost status Source of classification or shelving scheme Damaged status Not for loan Collection code Permanent Location Current Location Shelving location Date acquired Source of acquisition Cost, normal purchase price Total Checkouts Full call number Date last seen Copy number Koha item type
  Dewey Decimal Classification   Not For Loan Rare Books Central Library, University of Rajshahi Central Library, University of Rajshahi Rare Book Section 08/04/1977 Rajshahi, Eureka Book Agency 16.00   BRA 954.9 SED V-2 1976 17/11/2019 C-1 Rare Books
  Dewey Decimal Classification     Non-fiction Central Library, University of Rajshahi Central Library, University of Rajshahi   08/04/1977   16.00   B 954.9 SED V-2 1976 17/11/2019 C-2 Books